000 00678nam a2200217Ia 4500
003 GCL
008 140319s9999 xx 000 0 ara d
040 _aGCL /
_cGCL
082 0 4 _aق
_b301.2
_bم ت
100 1 _aمحمد الجوهرى
245 1 0 _aالتراث والتقدم دراسة فى مستقبل التراث الشعبى /
_cمحمد الجوهرى
300 _aمتعدد
490 _a
650 0 4 _aالدول النامية
650 0 4 _aالعادات والتقاليد
650 0 4 _aالتراث
650 0 4 _aالثقافة
650 0 4 _aالاجتماع، علم
650 0 4 _aالانثربولوجيا الاجتماعية
942 _2ddc
_cBK
999 _c39368
_d39368